000 00437nam a2200157Ia 4500
008 210210b2005 xxu||||| |||| 00| 0 eng d
020 _a81 86771 84 0
082 _a363.7 DAYS
100 _aDAYANANDAN (R). Ed.
245 _aSustainable development: opportunities and challenges.
260 _aN D
_bSerials Publications
_c2005
300 _axxix,425
650 _aSustainable Development
690 _aEnvironment
906 _a060910
999 _c107665
_d107665